000 00897nam a22002417a 4500
001 83552
003 BD-RjUL
005 20240421192220.0
008 240421s1968 bg a|||| m||| 00| 0 eng d
035 _a(BD-RjUL)83552
040 _aBD-RjUL
_beng
_cBD-RjUL
_dBD-RjUL
041 _aeng
082 _223
_a546.625
_bSAE 1968
100 _aSattar, Md. Abdus
_910161
245 1 0 _aElectrochemistry and stoichiometry of thin film oxides on nickel /
_cby Md. Abdus Sattar ;
_6Supervisor : B.E. Conway
260 _aCanada :
_bDepartment of Chemistry, University of Ottawa Canada,
_c1968
300 _a-xxvi-, - 225- leaves :
_bill, ;
_c30.cm.
502 _aThesis (Ph. D.) -- Department of Chemistry, University of Ottawa Canada, 1968
504 _aReferences : Leaves - i0 - xiii-
650 _aNickel
_xInorganic Chemistry
_912646
700 _aConway, B. E. Supervisor
_912647
942 _2ddc
_cTHE
999 _c83552
_d83552